Der Ursprung der Angst : (Record no. 1741)

MARC details
000 -LEADER
fixed length control field 01268cam a2200361 a 4500
001 - CONTROL NUMBER
control field data
005 - DATE AND TIME OF LATEST TRANSACTION
control field 20260322212115.0
008 - FIXED-LENGTH DATA ELEMENTS--GENERAL INFORMATION
fixed length control field data
035 ## - SYSTEM CONTROL NUMBER
System control number 12586937
010 ## - LIBRARY OF CONGRESS CONTROL NUMBER
LC control number 2002380085
020 ## - INTERNATIONAL STANDARD BOOK NUMBER
International Standard Book Number 3530421618
Qualifying information hd. bd.
020 ## - INTERNATIONAL STANDARD BOOK NUMBER
International Standard Book Number 9783530421613
Qualifying information hd. bd.
040 ## - CATALOGING SOURCE
Original cataloging agency OHX
Transcribing agency OHX
Modifying agency DLC
-- OCLCQ
-- NOC
-- OCLCQ
-- OCLCG
-- DLC
050 00 - LIBRARY OF CONGRESS CALL NUMBER
Classification number BL313
Item number .R46 2001
100 1# - MAIN ENTRY--PERSONAL NAME
Personal name Renggli, Franz,
Dates associated with a name 1942-
245 14 - TITLE STATEMENT
Title Der Ursprung der Angst :
Remainder of title antike Mythen und das Trauma der Geburt /
Statement of responsibility, etc. Franz Renggli ; mit einem Vorwort von Ludwig Janus.
260 ## - PUBLICATION, DISTRIBUTION, ETC.
Place of publication, distribution, etc. Düsseldorf :
Name of publisher, distributor, etc. Walter,
Date of publication, distribution, etc. c2001.
300 ## - PHYSICAL DESCRIPTION
Extent 284 p. :
Other physical details 1 map ;
Dimensions 22 cm.
336 ## - CONTENT TYPE
Content type term text
Content type code txt
Source rdacontent
337 ## - MEDIA TYPE
Media type term unmediated
Media type code n
Source rdamedia
338 ## - CARRIER TYPE
Carrier type term volume
Carrier type code nc
Source rdacarrier
504 ## - BIBLIOGRAPHY, ETC. NOTE
Bibliography, etc. note Includes bibliographical references (p. 267-280) and index.
650 #0 - SUBJECT ADDED ENTRY--TOPICAL TERM
Topical term or geographic name entry element Mythology.
650 #0 - SUBJECT ADDED ENTRY--TOPICAL TERM
Topical term or geographic name entry element Fear
General subdivision Mythology.
650 #0 - SUBJECT ADDED ENTRY--TOPICAL TERM
Topical term or geographic name entry element Childbirth
General subdivision Mythology.
906 ## - LOCAL DATA ELEMENT F, LDF (RLIN)
a 7
b cbc
c origres
d 2
e ncip
f 20
g y-gencatlg
925 0# -
-- acquire
-- 1 shelf copy
-- policy default
955 ## - COPY-LEVEL INFORMATION (RLIN)
-- xj06 2008-11-25 to Dewey
923 ## -
-- 20011102
-- 0157021
-- 93001286
985 ## -
-- VENDOR LOAD
Holdings
Withdrawn status Lost status Damaged status Not for loan Home library Current library Shelving location Date acquired Total checkouts Full call number Barcode Date last seen Price effective from Koha item type
        Fairview Fairview General stacks 22/03/2026   BL313 LOC-FPL-00026 22/03/2026 22/03/2026 Books